Composites

Na minha lista:
Detalhes bibliográficos
Formato: Livro
Idioma:Undetermined
Publicado em: Oxford, UK Elsevier Science Ltd.
Assuntos:
Tags: Adicionar Tag
Sem tags, seja o primeiro a adicionar uma tag!
Thư viện lưu trữ: Trung tâm Học liệu Trường Đại học Cần Thơ
LEADER 00442nam a2200157Ia 4500
001 CTU_184374
008 210402s9999 xx 000 0 und d
082 |a 620.1 
082 |b C736 
245 0 |a Composites 
245 0 |c Elsevier Science Ltd. 
260 |a Oxford, UK 
260 |b Elsevier Science Ltd. 
650 |a Composite materials,Manufacturing processes 
904 |i T.Trang 
980 |a Trung tâm Học liệu Trường Đại học Cần Thơ